| 000 | 00447nam a2200157 i 4500 | ||
|---|---|---|---|
| 001 | 69461 | ||
| 003 | ES-MaACL | ||
| 005 | 20230906170527.0 | ||
| 007 | t| | ||
| 008 | 040706s1968 sp ||||1| spa d | ||
| 100 | 1 |
_aGarcía Castell, Juan. _954355 |
|
| 245 | 1 | 0 |
_aHistoria del fútbol catalá / _cJ. García Castell. |
| 260 |
_aBarcelona : _bAymá, _c[1968] |
||
| 300 |
_a488 p., 8 lám. : _bil. ; _c24 cm. |
||
| 852 |
_aES-MaACL _jC-46739 _bR.68165 |
||
| 999 |
_c69461 _d69461 |
||